The role of insulin treatment in controlling oxidative stress in blood of diabetic rats [abstract] /

Elmentve itt :
Bibliográfiai részletek
Szerzők: Nikolic Turnic Tamara
Pindovic Bozidar
Mihajlovic Katarina
Rankovic M.
Mikhalyeva Anastasia
Srejovic Ivan
Zivkovic Vladimir
Jakovljevic Vladimir
Testületi szerző: European Section Meeting of the International Academy of Cardiovascular Sciences (8.)
Dokumentumtípus: Könyv része
Megjelent: University of Szeged Szeged 2022
Sorozat:European Section Meeting of the International Academy of Cardiovascular Sciences 8
Kulcsszavak:Orvostudomány - kutatás - előadáskivonat, Kísérleti állatok - előadáskivonat, Oxidatív stressz - előadáskivonat, Cukorbetegség - előadáskivonat
Tárgyszavak:
Online Access:http://acta.bibl.u-szeged.hu/77570
LEADER 01436naa a2200313 i 4500
001 acta77570
005 20221202142048.0
008 221202s2022 hu o 1|| eng d
020 |a 978-963-306-879-3 
040 |a SZTE Egyetemi Kiadványok Repozitórium  |b hun 
041 |a eng 
100 2 |a Nikolic Turnic Tamara 
245 1 4 |a The role of insulin treatment in controlling oxidative stress in blood of diabetic rats   |h [elektronikus dokumentum] :  |b [abstract] /  |c  Nikolic Turnic Tamara 
260 |a University of Szeged  |b Szeged  |c 2022 
300 |a 110 
490 0 |a European Section Meeting of the International Academy of Cardiovascular Sciences  |v 8 
650 4 |a Orvos- és egészségtudomány 
650 4 |a Általános orvostudomány 
650 4 |a Klinikai orvostan 
695 |a Orvostudomány - kutatás - előadáskivonat, Kísérleti állatok - előadáskivonat, Oxidatív stressz - előadáskivonat, Cukorbetegség - előadáskivonat 
700 0 1 |a Pindovic Bozidar  |e aut 
700 0 1 |a Mihajlovic Katarina  |e aut 
700 0 1 |a Rankovic M.  |e aut 
700 0 1 |a Mikhalyeva Anastasia  |e aut 
700 0 1 |a Srejovic Ivan  |e aut 
700 0 1 |a Zivkovic Vladimir  |e aut 
700 0 1 |a Jakovljevic Vladimir  |e aut 
711 |a European Section Meeting of the International Academy of Cardiovascular Sciences (8.)  |c Szeged  |d 2022. szeptember 28 - október 1. 
856 4 0 |u http://acta.bibl.u-szeged.hu/77570/1/iacs_es_2022_110.pdf  |z Dokumentum-elérés